Statystyki dla Z jakiego państwa są te kluby? #1

Kliknij tutaj aby rozwiązać quiz!

Ogólne statystyki

  • Ten quiz został rozwiązany 130 razy
  • Średni wynik to 9 z 12

Statystyki odpowiedzi

Odpowiedź% Poprawnych
Niemcy
99%
Polska
97%
Chorwacja
95%
Anglia
93%
Włochy
93%
Norwegia
78%
Grecja
75%
Izrael
74%
Szkocja
61%
Szwecja
61%
Dania
58%
Belgia
57%

Rozkład punktacji

Percentyl według liczby udzielonych odpowiedzi

Procent ludzi z każdym wynikiem

Twoja historia wyników

Nie rozwiązałeś tego quizu